[Event "86th ch-Paris IdF"]
[Site "Paris FRA"]
[Date "2011.07.07"]
[Round "6.3"]
[White "David,Alb"]
[Black "Battaglini,G"]
[Result "1/2-1/2"]
[WhiteElo "2609"]
[BlackElo "2407"]

1.d4 Nf6 2.c4 e6 3.Nc3 Bb4 4.Nf3 c5 5.g3 cxd4 6.Nxd4 Ne4 7.Qc2 Qa5 8.Bg2 Nxc3
9.O-O Nc6 10.bxc3 Bxc3 11.Nb3 Nd4 12.Nxd4 Bxd4 13.Rb1 Qc7 14.Rd1 Bc5 15.Rb5 O-O
16.Bf4 e5 17.Rxc5 Qxc5 18.Rd5 Qe7 19.Bxe5 Re8 20.c5 b6 21.Bd6 Qf6 22.Rd2 Ba6
23.Bxa8 Rxa8 24.Qe4 Rc8 25.f3 Qe6 26.Qxe6 dxe6 27.Kf2 f6  1/2-1/2

[Event "XXVI Tadeusza Gniota"]
[Site "Police POL"]
[Date "2011.07.08"]
[Round "4.12"]
[White "Chojnacki,K"]
[Black "Zschaebitz,K"]
[Result "1-0"]
[WhiteElo "2437"]
[BlackElo "2088"]

1.d4 e6 2.c4 Nf6 3.Nc3 Bb4 4.Nf3 b6 5.g3 Bb7 6.Bg2 O-O 7.O-O Bxc3 8.bxc3 d6
9.Re1 Nbd7 10.Bh3 Qe7 11.Nd2 e5 12.e4 Rfe8 13.f3 g6 14.Nf1 Nh5 15.Ne3 f6
16.Bd2 Nf8 17.Qc2 Bc8 18.Bg2 Ne6 19.Qd3 Nhg7 20.f4 Nd8 21.Nd5 Qf7 22.fxe5 dxe5
23.Rf1 Nh5 24.dxe5 Rxe5 25.Nxf6+ Nxf6 26.Qxd8+ Kg7 27.Rxf6 Qxf6 28.Bh6+  1-0

[Event "19th Klatovy Open"]
[Site "Klatovy CZE"]
[Date "2011.07.09"]
[Round "8"]
[White "Svoboda,V2"]
[Black "Vlasak,Lu"]
[Result "1/2-1/2"]
[WhiteElo "2286"]
[BlackElo "2308"]

1.d4 Nf6 2.c4 e6 3.Nc3 Bb4 4.Nf3 c5 5.g3 cxd4 6.Nxd4 Ne4 7.Qd3 Bxc3+ 8.bxc3 Nc5
9.Qf3 Nc6 10.Bf4 O-O 11.Rd1 Qa5 12.Bd6 Nxd4 13.Rxd4 b6 14.Qxa8 Qxc3+ 15.Rd2 Qc1+  1/2-1/2

[Event "SPA Open A"]
[Site "Amsterdam NED"]
[Date "2011.07.10"]
[Round "2"]
[White "Hovenga,A"]
[Black "Pauw,S"]
[Result "0-1"]
[WhiteElo "2221"]
[BlackElo "2115"]

1.d4 Nf6 2.c4 e6 3.Nc3 Bb4 4.Nf3 b6 5.Bg5 h6 6.Bh4 g5 7.Bg3 Ne4 8.Qc2 Bb7
9.e3 Bxc3+ 10.bxc3 d6 11.Bd3 f5 12.O-O Nd7 13.Nd2 Ndf6 14.f3 Nxd2 15.Qxd2 Qe7
16.Qc2 O-O-O 17.a4 a5 18.Bf2 g4 19.d5 gxf3 20.gxf3 Nh5 21.Kh1 Rdf8 22.e4 Nf4
23.Bg3 Nxd3 24.Qxd3 f4 25.Bf2 e5 26.Rab1 Rhg8 27.Rb2 Rg6 28.Rfb1 Qg5 29.Rg1 Qh5
30.Rxg6 Qxg6 31.c5 Rg8 32.Qf1 Qh5 33.Bg1 dxc5 34.Rf2 Kd8 35.Rg2 Rxg2 36.Qxg2 Qg5
37.Qd2 Ke7 38.Bf2 Bc8 39.Qe1 Kd6 40.Bh4 Qh5 41.Qf2 Bh3 42.Bd8 Kd7 43.Bf6 Kd6
44.Qe2 Bd7 45.Qd1 Qh3 46.Bg7 Be8 47.Bf8+ Kd7 48.d6 c6 49.Kg1 Bh5 50.Bxh6 Bxf3
51.Qf1 Qg4+ 52.Kf2 Bxe4 53.Qc4 Bd5 54.Qa6 Qf3+ 55.Ke1 Qxc3+ 56.Kf2 Qd4+ 57.Ke1 Qg1+
58.Kd2 Qxh2+ 59.Kc3 Qg3+ 60.Kd2 Qf2+ 61.Kc3 Qe1+ 62.Kc2 Be4+  0-1

[Event "9th Niki Open"]
[Site "Nachod CZE"]
[Date "2011.07.10"]
[Round "9.7"]
[White "Furman,Bo"]
[Black "Kulhanek,T"]
[Result "1/2-1/2"]
[WhiteElo "2262"]
[BlackElo "2375"]

1.d4 Nf6 2.c4 e6 3.Nc3 Bb4 4.Nf3 c5 5.g3 cxd4 6.Nxd4 O-O 7.Bg2 d5 8.cxd5 Nxd5
9.Qb3 Nc6 10.Nxc6 bxc6 11.O-O Rb8 12.Na4 Ba6 13.Qc2 Qa5 14.a3 Be7 15.b4 Qb5
16.e4 Nb6 17.Nxb6 axb6 18.Re1 Bb7 19.Be3 Ba8 20.Rab1 Rfd8 21.a4 Qd3 22.Qxd3 Rxd3
23.a5 b5 24.Rec1 e5 25.Bf1 Ra3 26.Bh3 Rd3 27.Bb6 f6 28.Kf1 Rf8 29.Ke2 Ra3
30.Bd7 Ra2+ 31.Ke3 Ra3+ 32.Ke2 Ra2+ 33.Ke3 Ra3+  1/2-1/2

[Event "Asian Zonal 3.1 Women"]
[Site "Sharjah UAE"]
[Date "2011.07.10"]
[Round "7"]
[White "Saleh,No"]
[Black "Luojen,D"]
[Result "1/2-1/2"]
[WhiteElo "1911"]
[BlackElo "1882"]

1.d4 Nf6 2.c4 e6 3.Nf3 Bb4+ 4.Nc3 O-O 5.Bg5 d5 6.e3 Nbd7 7.a3 Bxc3+ 8.bxc3 c5
9.cxd5 exd5 10.Bd3 Qa5 11.Qd2 c4 12.Bxf6 Nxf6 13.Bb1 Nd7 14.O-O Re8 15.Ng5 h6
16.Nf3 Nb6 17.Ne5 Na4 18.Rc1 Be6 19.Qc2 Rad8 20.Ra2 f5 21.g4 Rf8 22.Ng6 Rf6
23.gxf5 Bf7 24.Ne5 Rdd6 25.Ng4 Rb6 26.Nxf6+ gxf6 27.Qd2 Bh5 28.e4 Bf3 29.h3 dxe4
30.Qxh6 Qxf5 31.Kh2 Nxc3 32.Rg1+ Kf7 33.Qg7+ Ke6 34.Qg8+ Kd6 35.Qd8+ Kc6  1/2-1/2

[Event "Myrhorod Open A"]
[Site "Myrhorod UKR"]
[Date "2011.07.11"]
[Round "4.17"]
[White "Tikhomirov,Al"]
[Black "Tichonov,J"]
[Result "1/2-1/2"]
[WhiteElo "2222"]
[BlackElo "2129"]

1.d4 Nf6 2.c4 e6 3.Nc3 Bb4 4.Nf3 c5 5.a3 Bxc3+ 6.bxc3 Qa5 7.Bd2 Ne4 8.e3 b6
9.Bd3 Bb7 10.Qc2 f5 11.O-O O-O 12.Rfb1 d6 13.Be1 Nd7 14.h3 Ndf6 15.Nh2 Ng5
16.f3 Nf7 17.d5 g6 18.dxe6 Ne5 19.Be2 Rae8 20.Rb5 Qa6 21.a4 Bc6 22.f4 Be4
23.Qd1 Nc6 24.Nf3 Qc8 25.Ng5 h6 26.Nxe4 Nxe4 27.e7 Rxe7 28.Qd5+ Kg7 29.Bf3 Na5
30.Ra2 Qe6 31.Qxe6 Rxe6 32.Be2 Rfe8 33.Bd3 Nf6 34.Bd2 d5 35.cxd5 Nxd5 36.c4 Nxe3
37.Bxa5 bxa5 38.Rxc5 Rd8 39.Be2 Rd4 40.Rxa5 Re7 41.c5 Rxf4 42.c6 Rc7 43.Rc5 Re4
44.Bf3 Ree7 45.a5 f4 46.Ra4 g5 47.Rb4 Kf6 48.Rbb5 Re6 49.Rb7 Ree7 50.a6 Nf5
51.Rxc7 Rxc7 52.Rb5 Nd4 53.Rb7 Nxf3+ 54.gxf3 Rxc6 55.Rxa7 Rc2 56.Ra8 Ra2
57.a7 Kg7 58.Kf1 h5 59.Ke1 Kh7 60.Kd1 Kg7 61.Ke1  1/2-1/2

[Event "XXXIV Open"]
[Site "Barbera del Valles ESP"]
[Date "2011.07.12"]
[Round "9"]
[White "Gonzalez Garcia,J2"]
[Black "Hernandez Carmenates,Hold"]
[Result "1-0"]
[WhiteElo "2522"]
[BlackElo "2570"]

1.d4 Nf6 2.c4 e6 3.Nc3 Bb4 4.Nf3 O-O 5.Bg5 h6 6.Bh4 c5 7.Rc1 cxd4 8.Nxd4 Be7
9.e3 d6 10.Be2 Nc6 11.O-O a6 12.Bg3 Bd7 13.Nb3 Ne5 14.c5 Qb8 15.f4 Ng6 16.e4 e5
17.fxe5 Nxe5 18.Bxe5 dxe5 19.Rxf6 Bxf6 20.Qxd7 Bg5 21.Rf1 Be3+ 22.Kh1 Qa7
23.Qd5 Rac8 24.Qxe5 Bxc5 25.Bg4 Rfe8 26.Qf4 Rcd8 27.Qxf7+ Kh8 28.Bf5 Qb6
29.Nxc5 Rf8 30.Qc4 Qc6 31.Nd5 Rde8 32.Bd7 b5 33.Bxe8  1-0

[Event "ch-Central Serbia Int Open A"]
[Site "Paracin SRB"]
[Date "2011.07.12"]
[Round "5.17"]
[White "Ganaus,H"]
[Black "Milenkovic,Ml"]
[Result "1/2-1/2"]
[WhiteElo "2287"]
[BlackElo "2405"]

1.d4 Nf6 2.c4 e6 3.Nc3 Bb4 4.Nf3 b6 5.Bg5 Bb7 6.Qc2 h6 7.Bh4 g5 8.Bg3 Ne4
9.Be5 O-O 10.d5 f5 11.Rd1 d6 12.a3 Bxc3+ 13.Bxc3 e5 14.Nd2 Nxc3 15.Qxc3 Nd7
16.e4 c6 17.h4 gxh4 18.Qh3 cxd5 19.cxd5 Rc8 20.Qxh4 Qxh4 21.Rxh4 Rf6 22.exf5 Bxd5
23.Bc4 Bxc4 24.Rxc4 Nc5 25.b4 Nd3+ 26.Kf1 Rxc4 27.Nxc4 e4 28.Ne3 Kg7 29.g4 Rf7
30.f3 Rc7 31.fxe4 Rc3 32.Ke2 Ne5 33.Ng2 Nc4 34.Nf4 Re3+ 35.Kf2 Rxe4 36.Kg3 Kf6
37.Rh1 Re3+ 38.Kh4 Rxa3 39.Re1 Ne5 40.Nd5+ Kf7 41.Rc1 Ke8 42.Rc8+ Kd7 43.Rc7+ Kd8
44.Rh7 Ra1 45.b5 Rh1+ 46.Kg3 Rg1+ 47.Kf2 Rd1 48.Nf6 Rb1 49.Rxh6 Rxb5 50.Kg3 a5
51.Rh7 a4 52.g5 a3 53.g6 Nxg6 54.fxg6 Rg5+ 55.Kf4 Rxg6 56.Kf5 Rg1 57.Ra7 Ra1
58.Ke6 a2 59.Ne4 d5 60.Kd6 Ke8 61.Ng5 Kf8 62.Nh7+ Kg8 63.Nf6+ Kf8 64.Nh7+ Kg8
65.Nf6+ Kf8  1/2-1/2

[Event "8th South Wales Int"]
[Site "Penarth WLS"]
[Date "2011.07.12"]
[Round "7.6"]
[White "Menadue,J"]
[Black "Eggleston,D"]
[Result "0-1"]
[WhiteElo "2165"]
[BlackElo "2318"]

1.d4 Nf6 2.c4 e6 3.Nc3 Bb4 4.Nf3 c5 5.g3 cxd4 6.Nxd4 Ne4 7.Qd3 Qa5 8.Nb3 Nxc3
9.Bd2 Ne4 10.Qxe4 Bxd2+ 11.Nxd2 O-O 12.Bg2 Nc6 13.Qe3 d5 14.cxd5 exd5 15.O-O Bg4
16.Nb3 Qb5 17.Rfe1 Rfe8 18.Qc5 Qxc5 19.Nxc5 Nd4 20.Bxd5 Nc2 21.e4 Nxa1 22.Rxa1 Bc8
23.Nxb7 Bxb7 24.Bxb7 Rab8 25.Bd5 Rec8 26.b3 Rc2 27.a4 Rbc8 28.Bc4 Rd8 29.Bd5 Rd6
30.Rf1 Kf8 31.Kg2 f5 32.Re1 fxe4 33.Bxe4 Rc3 34.Re3 Rxe3 35.fxe3 Rd2+ 36.Kh3 g6
37.Kg4 Rxh2 38.Bd5 Ke7 39.e4 Kf6 40.Kf4 g5+ 41.Kg4 h5+ 42.Kf3 Ke5 43.Bf7 g4+
44.Ke3 Rh3 45.Kf2 h4 46.gxh4 Rf3+  0-1

[Event "XXVI Tadeusza Gniota"]
[Site "Police POL"]
[Date "2011.07.12"]
[Round "8.10"]
[White "Chojnacki,K"]
[Black "Pawlicz,Adam"]
[Result "1-0"]
[WhiteElo "2437"]
[BlackElo "2044"]

1.d4 Nf6 2.c4 e6 3.Nc3 Bb4 4.Nf3 O-O 5.Bg5 h6 6.Bh4 b6 7.e3 d6 8.Bd3 Bxc3+
9.bxc3 Bb7 10.O-O Nbd7 11.Nd2 c5 12.f4 Qe8 13.e4 cxd4 14.cxd4 e5 15.fxe5 dxe5
16.d5 Nh7 17.Nb3 f6 18.Rc1 Nc5 19.Nxc5 bxc5 20.Qb3 Qe7 21.Qa3 Rfc8 22.Rb1 Rc7
23.Rb5 Ng5 24.Rfb1 Rac8 25.d6 Qxd6 26.Rxb7 Nxe4 27.Bxe4 Qd4+ 28.Bf2 Qxe4
29.Qb3 Kh7 30.Rxc7 Rxc7 31.Re1 Qg4 32.Qd3+ g6 33.Qd6  1-0

[Event "21st Heart of Finland"]
[Site "Jyvaskyla FIN"]
[Date "2011.07.13"]
[Round "4"]
[White "Mertanen,J"]
[Black "Ronka,E"]
[Result "1-0"]
[WhiteElo "2333"]
[BlackElo "2023"]

1.d4 e6 2.c4 Nf6 3.Nc3 Bb4 4.Nf3 O-O 5.Bg5 b6 6.e3 Bb7 7.Bd3 c5 8.O-O cxd4
9.exd4 Bxc3 10.bxc3 d6 11.Re1 Nbd7 12.Nd2 Qc7 13.Re3 Rfe8 14.Rg3 Kh8 15.Qe2 e5
16.Re3 exd4 17.cxd4 d5 18.Re1 Rxe3 19.Qxe3 Kg8 20.Qh3 Ne4 21.Nxe4 dxe4 22.Bxe4 Bxe4
23.Rxe4 h6 24.Bf4 Qc6 25.d5 Qa4 26.Qb3 Qa5 27.Qc2 Rc8 28.Bd2 Qc5 29.Be3 Qb4
30.h3 Nf6 31.Rd4 b5 32.Qb3 Qe1+ 33.Kh2 bxc4 34.Rxc4 Rd8 35.Rd4 Qe2 36.d6 Qa6
37.a4 Kh7 38.Qc2+ g6 39.Qc5 Qb7 40.Qe5  1-0

[Event "Krapina Open"]
[Site "Krapina CRO"]
[Date "2011.07.13"]
[Round "7.6"]
[White "Hamer,I"]
[Black "Vojak,Daniel"]
[Result "0-1"]
[WhiteElo "2099"]
[BlackElo "1772"]

1.d4 Nf6 2.c4 e6 3.Nc3 Bb4 4.Nf3 c5 5.g3 b6 6.Bg2 Bb7 7.O-O Bxc3 8.bxc3 Na6
9.a4 O-O 10.Re1 Rc8 11.Nd2 Bxg2 12.Kxg2 d5 13.a5 cxd4 14.axb6 dxc3 15.Rxa6 cxd2
16.Bxd2 axb6 17.Bb4 Re8 18.cxd5 Qxd5+ 19.Qxd5 Nxd5 20.Rb1 Ra8 21.Rxa8 Rxa8
22.Bd6 Rd8 23.Bf4 Nxf4+ 24.gxf4 Rb8 25.Rb5 Kf8 26.Kf3 Ke7 27.Ke4 Kd6 28.Kd4 Kc6
29.Rh5 h6 30.f5 Rd8+ 31.Kc3 Rd5 32.e4 Rc5+ 33.Kb3 exf5 34.exf5 g6 35.Rxh6 Rxf5
36.Rh7 Rxf2 37.h4 Rf5 38.Rh8 b5 39.Kb4 Rh5 40.Rc8+ Kb7 41.Rf8 Rxh4+ 42.Kxb5 Rh5+
43.Kc4 Rf5 44.Rd8 Kc7 45.Rd1 g5 46.Rd2 Rf4+ 47.Kc5 f5 48.Kd5 g4 49.Ke5 Rf3  0-1

[Event "ch-Central Serbia Int Open A"]
[Site "Paracin SRB"]
[Date "2011.07.13"]
[Round "7.10"]
[White "Petkov,V"]
[Black "Pezelj,N"]
[Result "1/2-1/2"]
[WhiteElo "2490"]
[BlackElo "2364"]

1.d4 Nf6 2.c4 e6 3.Nc3 Bb4 4.Nf3 b6 5.Bg5 h6 6.Bd2 Bxc3 7.Bxc3 Ne4 8.Qc2 Bb7
9.e3 d6 10.Bd3 Nxc3 11.Qxc3 Nd7 12.Qc2 Nf6 13.e4 Nd7 14.O-O O-O 15.b4 c5
16.bxc5 bxc5 17.Rab1 Qc7 18.d5 e5 19.Nh4 Rfb8 20.Qd2 Bc8 21.Rbe1 Rb6 22.Bc2 Rab8
23.Bb3 Qd8 24.g3 Rb4 25.Ng2 a5 26.Ne3 a4 27.Bc2 Rb2 28.a3 Nf6 29.f3 Bh3 30.Rf2 Bd7
31.Qc3 Ne8 32.f4 f6 33.Ref1 Qb6 34.Kg2 Ra2 35.Rb1 Rxc2 36.Rxb6 Rxc3 37.Rxb8 Rxe3
38.Rd8 exf4 39.Rxd7 fxg3 40.hxg3 Rxa3 41.Rb2 Re3 42.Rb8 Rxe4 43.Rxd6 f5 44.Rc6 Kh7
45.Rxc5 Nd6 46.Rb4 a3 47.Ra4 a2 48.Rxa2 Nxc4 49.Kf2 Ne5 50.Rd2 Ng4+ 51.Kg2 Re8
52.d6 Rd8 53.Kf3 g6 54.Rc7+ Kg8 55.Kf4 Kf8 56.Ra2 Re8 57.Rh7 Kg8 58.Raa7 Re2
59.Rhg7+ Kh8 60.Rh7+ Kg8 61.Rag7+ Kf8 62.Rf7+ Kg8 63.Rhg7+ Kh8  1/2-1/2

[Event "St Pauli Open"]
[Site "Hamburg GER"]
[Date "2011.07.14"]
[Round "7.7"]
[White "Kopylov,M"]
[Black "Korba,R"]
[Result "1-0"]
[WhiteElo "2470"]
[BlackElo "2213"]

1.d4 Nf6 2.c4 e6 3.Nc3 Bb4 4.Nf3 O-O 5.Bg5 h6 6.Bh4 c5 7.Rc1 d5 8.e3 Nbd7
9.cxd5 exd5 10.Bd3 Qa5 11.Bb1 c4 12.O-O Re8 13.Qc2 Bxc3 14.bxc3 Ne4 15.Nd2 Nf8
16.f3 Nd6 17.e4 Nb5 18.exd5 Na3 19.Qb2 Nxb1 20.Rxb1 Bf5 21.Ne4 Qxd5 22.Qxb7 Qxb7
23.Rxb7 Bxe4 24.fxe4 Rxe4 25.Bg3 f6 26.Re1 Rxe1+ 27.Bxe1 Ne6 28.Bg3 Ng5 29.Rc7 Rb8
30.Rxc4 Rb2 31.d5 Rxa2 32.h4 Nf7 33.Rc8+ Kh7 34.Rc7 Ne5 35.Bxe5 fxe5 36.c4 Kg6
37.d6 Kf6 38.c5 Rc2 39.d7 Ke7 40.c6 Rc3 41.Rc8  1-0

[Event "21st Heart of Finland"]
[Site "Jyvaskyla FIN"]
[Date "2011.07.14"]
[Round "6"]
[White "Mertanen,J"]
[Black "Nieminen,K"]
[Result "1-0"]
[WhiteElo "2333"]
[BlackElo "2169"]

1.d4 e6 2.c4 Nf6 3.Nc3 Bb4 4.Nf3 d5 5.cxd5 exd5 6.Bg5 h6 7.Bxf6 Qxf6 8.Qb3 c5
9.a3 Bxc3+ 10.Qxc3 Nd7 11.g3 O-O 12.Bg2 Re8 13.e3 b6 14.O-O Bb7 15.Rfc1 Rac8
16.a4 Qd6 17.Qa3 Qe6 18.a5 Rc7 19.dxc5 bxc5 20.b4 Rec8 21.bxc5 Rxc5 22.Rxc5 Nxc5
23.Nd4 Qd7 24.Qb4 Ba6 25.Rd1 Bc4 26.Rb1 g6 27.Qa3 Kh7 28.h3 Qc7 29.Qb4 Qd7
30.Rd1 Qc7 31.Qa3 Rb8 32.Rc1 Rc8 33.Rd1 Rd8 34.Rd2 Rb8 35.Rc2 Rc8 36.Kh2 Qd7
37.Kg1 Kg8 38.Qb4 Na6 39.Qc3 Nc5 40.Qb4 Na6 41.Qd2 Nc5 42.Nf3 Qc7 43.Qc3 Ne4
44.Qa1 Nc5 45.Ne5 Nb3 46.Qc3 Qd8 47.Qb2 Qxa5 48.Ng4 Qa1+ 49.Qxa1 Nxa1 50.Rc3 Rb8
51.Ra3 Rb1+ 52.Kh2 Kg7 53.Rxa7 h5 54.Ne5 Kf6 55.f4 Nc2 56.e4 Rb2 57.Rxf7+ Ke6
58.exd5+ Bxd5 59.Bxd5+ Kxd5 60.Rd7+ Ke4 61.Rd2 g5 62.Re2+ Kf5 63.fxg5 Rb5
64.Nf3 Rc5 65.h4 Rc4 66.Kh3 Nb4 67.Re5+ Kg6 68.Re6+ Kg7 69.Rd6 Rc3 70.Nd4 Nd3
71.Nf5+ Kf8 72.g6 Nf4+ 73.Kh2 Rc1 74.Rd8+  1-0

[Event "3rd Artemis Cup"]
[Site "Leros GRE"]
[Date "2011.07.17"]
[Round "7.4"]
[White "Mastrovasilis,A"]
[Black "Csonka,A1"]
[Result "1-0"]
[WhiteElo "2537"]
[BlackElo "2373"]

1.d4 Nf6 2.c4 e6 3.Nc3 Bb4 4.Nf3 c5 5.g3 cxd4 6.Nxd4 O-O 7.Bg2 d5 8.Qb3 Qa5
9.Nc2 Nc6 10.Nxb4 Qxb4 11.cxd5 Qxb3 12.axb3 Nd4 13.Ra4 e5 14.Be3 Bd7 15.Rc4 b5
16.Rc7 Rfc8 17.Rb7 Nxb3 18.Ne4 Nxe4 19.Bxe4 Bh3 20.Rxb5 Rab8 21.Rxb8 Rxb8
22.f3 f5 23.Bc2 Na5 24.b3 Nxb3 25.Bxa7 Rb7 26.Kf2 Rxa7 27.Bxb3 f4 28.Rc1 Kf8
29.d6 Ke8 30.Rc5  1-0

[Event "3rd International Open"]
[Site "Rethymno GRE"]
[Date "2011.07.18"]
[Round "9"]
[White "David,Alb"]
[Black "Stavrianakis,I"]
[Result "0-1"]
[WhiteElo "2609"]
[BlackElo "2270"]

1.d4 Nf6 2.c4 e6 3.Nc3 Bb4 4.Nf3 c5 5.g3 b6 6.Bg2 Bb7 7.O-O O-O 8.Nb5 cxd4
9.Qxd4 Nc6 10.Qd3 d5 11.Bf4 dxc4 12.Qxc4 a6 13.Nc7 Rc8 14.a3 Be7 15.Rfd1 Na5
16.Qa2 Nd5 17.Nxd5 Bxd5 18.Qb1 Qe8 19.b4 Nc4 20.e4 Bc6 21.Ne5 Ba4 22.Rc1 b5
23.Nxc4 bxc4 24.e5 Qb5 25.Qe4 c3 26.Bf1 Qc6 27.Qe3 Rfd8 28.Qa7 Rc7 29.Qxa6 Qxa6
30.Bxa6 c2 31.Be2 Rc3 32.Kf1 g5 33.Be3 Rd5 34.Ke1 h6 35.Ra2 Rxa3 36.Rcxc2 Bxc2
37.Rxc2 Ra1+  0-1

[Event "2nd Vaujany Open A"]
[Site "Vaujany FRA"]
[Date "2011.07.18"]
[Round "5.3"]
[White "Chatalbashev,B"]
[Black "Olarasu,G"]
[Result "1/2-1/2"]
[WhiteElo "2596"]
[BlackElo "2287"]

1.d4 Nf6 2.c4 e6 3.Nc3 Bb4 4.Nf3 c5 5.g3 Ne4 6.Qd3 Qa5 7.Qxe4 Bxc3+ 8.Bd2 Bxd2+
9.Nxd2 Nc6 10.dxc5 b6 11.Bg2 Bb7 12.Qf4 bxc5 13.Qd6 Nd8 14.Bxb7 Nxb7 15.Qd3 O-O
16.O-O d6 17.f4 Qc7 18.Ne4 Qe7 19.Rad1 a5 20.Ng5 g6 21.e4 e5 22.h4 exf4 23.gxf4 h6
24.Nf3 Qf6  1/2-1/2

[Event "2nd Vaujany Open A"]
[Site "Vaujany FRA"]
[Date "2011.07.20"]
[Round "7.6"]
[White "Horvath,Jo1"]
[Black "Neuhauser,S"]
[Result "1-0"]
[WhiteElo "2535"]
[BlackElo "2082"]

1.d4 Nf6 2.c4 e6 3.Nf3 Bb4+ 4.Nc3 b6 5.e3 Bb7 6.Bd3 Ne4 7.O-O Nxc3 8.bxc3 Bxc3
9.Rb1 d6 10.Bc2 c5 11.Rb3 Ba5 12.dxc5 dxc5 13.Rd3 Qe7 14.Ba4+ Bc6 15.Ne5 Bxa4
16.Qxa4+ Kf8 17.Rfd1 Na6 18.Rd7 Qe8 19.Rxf7+ Qxf7 20.Nxf7 Kxf7 21.Qd7+ Kf8
22.Bb2 Rg8 23.Be5  1-0

[Event "III Corporation Cup A"]
[Site "Izhevsk RUS"]
[Date "2011.07.21"]
[Round "6"]
[White "Demianjuk,A"]
[Black "Yaksin,O"]
[Result "1/2-1/2"]
[WhiteElo "2317"]
[BlackElo "2414"]

1.d4 Nf6 2.c4 e6 3.Nc3 Bb4 4.Nf3 b6 5.Bg5 Bb7 6.Nd2 c5 7.d5 h6 8.Bh4 Bxc3
9.bxc3 exd5 10.cxd5 Bxd5 11.e4 Qe7 12.Be2 Bc6 13.Nc4 g5 14.Nd6+ Kd8 15.Bg3 Nxe4
16.Nxe4 Qxe4 17.Qd6 Re8 18.O-O-O Qe6 19.Qc7+ Ke7 20.Rhe1 Kf8 21.Bd3 Qxe1
22.Rxe1 Rxe1+ 23.Kd2 Re6 24.Qc8+ Kg7 25.Bxb8 Bxg2 26.Bc4 Rf6 27.Kc1 d5 28.Ba6 d4
29.Qc7 Rxf2 30.Qg3 Rf3 31.Be5+ f6 32.Qxg2 Rxc3+ 33.Kb2 Rf8 34.Bf4 b5 35.Bd2 Rd3
36.Bxb5 Rb8 37.a4 c4 38.Kc2 Ra3 39.Kb2 Rxa4 40.Qc6 c3+ 41.Bxc3 dxc3+ 42.Kxc3 Rxb5
43.Qxb5 Rh4 44.Qd7+ Kg6 45.h3 a5 46.Kd3 a4 47.Ke2 Rf4 48.Qe8+ Kg7 49.Ke3 Rh4
50.Qd7+ Kg6 51.Kf2 Rf4+ 52.Kg3 Rh4 53.Qe8+ Kg7 54.Qe7+ Kg6 55.Qf8 Kf5 56.Qf7 Ke5
57.Qg6 Ke6 58.Qe8+ Kf5 59.Kg2 Rf4 60.Qc8+ Ke5 61.Qd7 Rh4 62.Kg3 Rf4 63.Qe7+ Kd5
64.Qf8 Kc4 65.Qxh6 a3 66.Qh5 Kb3 67.Qd1+ Kb2 68.Qd2+ Kb3 69.Qd3+ Kb2 70.Qd2+  1/2-1/2

[Event "15th Battle of Senta Open"]
[Site "Senta SRB"]
[Date "2011.07.21"]
[Round "7.5"]
[White "Kumic,F"]
[Black "Radovanovic,D"]
[Result "1/2-1/2"]
[WhiteElo "2088"]
[BlackElo "2372"]

1.d4 Nf6 2.c4 e6 3.Nc3 Bb4 4.Nf3 b6 5.Bg5 Bb7 6.Nd2 h6 7.Bh4 Bxc3 8.bxc3 d6
9.f3 Nbd7 10.e4 Qe7 11.Qa4 O-O 12.Bd3 e5 13.O-O Rfe8 14.Qc2 Nf8 15.Bf2 Ne6
16.g3 h5 17.a4 a5 18.h4 Kh8 19.Rab1 Nd7 20.Be3 Rg8 21.Kf2 Qf6 22.Nb3 g5 23.d5 gxh4
24.dxe6 hxg3+ 25.Kg2 fxe6 26.Rh1 Qg6 27.Rxh5+ Qxh5 28.Rh1 Qxh1+ 29.Kxh1 Raf8
30.Kg2 Rf7 31.Nd2 Nf6 32.Qb3 Ba6 33.Qb1 Bc8 34.Nf1 Nh5 35.Qe1 Bd7 36.Bc2 Bc6
37.Nd2 Rh7 38.Nf1 Nf4+ 39.Bxf4 exf4 40.e5 Rh6 41.Be4 Bxa4 42.Qc1 dxe5 43.Qa3 Bd1
44.Qb2 a4 45.c5 a3 46.Qd2 Bb3 47.Qd7 Bc4 48.Qxc7 Bxf1+ 49.Kg1 Rh5 50.Qf7 Rh6
51.Qc7 Rh5 52.Qf7 Rh6  1/2-1/2

[Event "III Corporation Cup A"]
[Site "Izhevsk RUS"]
[Date "2011.07.24"]
[Round "9"]
[White "Bronnikov,K1"]
[Black "Shurunov,An"]
[Result "0-1"]
[WhiteElo "2265"]
[BlackElo "1930"]

1.d4 Nf6 2.c4 e6 3.Nc3 Bb4 4.Nf3 O-O 5.g3 d5 6.cxd5 exd5 7.Bg2 Bf5 8.O-O c6
9.Nh4 Bg6 10.Nxg6 hxg6 11.Qb3 Qb6 12.a3 Bd6 13.Qd1 Nbd7 14.Rb1 a5 15.Qd3 Rfe8
16.Re1 Qb3 17.Be3 a4 18.f3 Nb6 19.Bf2 Rad8 20.Qd1 Nc4 21.Qxb3 axb3 22.Red1 Bc7
23.Rd3 Ba5 24.Bf1 Re7 25.Na4 b6 26.Be1 Bxe1 27.Rxe1 b5 28.Nc5 Nxb2 29.Rxb3 Nc4
30.a4 bxa4 31.Nxa4 Rde8 32.Nc5 Nd7 33.Nxd7 Rxd7 34.Rc3 Nd2 35.Bh3 Rde7 36.Kf2 Nc4
37.Rb3 f5 38.e3 Ra8 39.Bf1 Nd2 40.Rc3 Nxf1 41.Kxf1 Re6 42.Re2 Kf7 43.Rec2 Ra6
44.Ke2 g5 45.Kd3 Ke7 46.Re2 Ra1 47.Rb3 Rf1 48.Rb7+ Kf6 49.f4 gxf4 50.gxf4 Rd1+
51.Kc2 Rxd4 52.Rg2 Rxe3 53.Rbxg7 Rxf4 54.R7g6+ Ke5 55.Rxc6 Rh4 56.Kd2 Reh3
57.Re2+ Kd4 58.Rf6 f4 59.Rf8 Rd3+ 60.Kc2 Ra3 61.Rd2+ Ke3 62.Re8+ Kf3 63.Kb2 Re3
64.Rd8 Re2 65.Kc3 Rxd2 66.Kxd2 Rxh2+ 67.Kd3 Rh5 68.Rg8 Kf2 69.Kd2 f3 70.Rg4 Kf1
71.Rg3 f2 72.Rg4 Rh2 73.Rg5 Rg2  0-1

[Event "ch-AUT"]
[Site "Linz AUT"]
[Date "2011.07.24"]
[Round "2"]
[White "Ganaus,H"]
[Black "Shengelia,D"]
[Result "1-0"]
[WhiteElo "2287"]
[BlackElo "2513"]

1.d4 Nf6 2.c4 e6 3.Nc3 Bb4 4.Nf3 d5 5.Qa4+ Nc6 6.e3 O-O 7.Bd2 Qe7 8.a3 Bxc3
9.Bxc3 Ne4 10.Qc2 Bd7 11.Bd3 f5 12.O-O Be8 13.b4 Bh5 14.Nd2 Nd8 15.f3 Nxc3
16.Qxc3 c6 17.f4 Nf7 18.c5 a6 19.a4 Nh6 20.b5 axb5 21.axb5 Ng4 22.Be2 Nxh2
23.Bxh5 Nxf1 24.Rxf1 g5 25.fxg5 Qxg5 26.Bd1 cxb5 27.Nf3 Qg3 28.Bb3 Kh8 29.Qe1 Qxe1
30.Rxe1 Ra3 31.Rb1 Rfa8 32.Rb2 Kg7 33.Kf2 Kf6 34.Ne5 Ra1 35.Nd3 h5 36.Nf4 h4
37.Ke2 Rg1 38.Bc2 Ra5 39.Bd3 Raa1 40.Kf2 Rgc1 41.Rxb5 Ra2+ 42.Be2 Rcc2 43.Rb6 Kf7
44.Rxb7+ Kf6 45.Rb6 Kf7 46.Rb7+ Kf6 47.Rh7 e5 48.dxe5+ Kxe5 49.Rh6 Rxe2+
50.Nxe2 Rc2 51.Kf3  1-0

[Event "Poznan Summer Open"]
[Site "Poznan POL"]
[Date "2011.07.24"]
[Round "9.3"]
[White "Chojnacki,K"]
[Black "Bernat,Ma"]
[Result "1/2-1/2"]
[WhiteElo "2437"]
[BlackElo "2138"]

1.d4 Nf6 2.c4 e6 3.Nc3 Bb4 4.Nf3 b6 5.g3 Bb7 6.Bg2 O-O 7.O-O Bxc3 8.bxc3 d6
9.Re1 Nbd7 10.Bh3 Ne4 11.Nd2 Nxd2 12.Bxd2 f5 13.f3 e5 14.e3 e4 15.f4 Qe8
16.Bf1 c5 17.Be2 Nf6 18.Qb3 Bc6 19.a4 Qe7 20.a5 Qc7 21.Reb1 Rfb8 22.Qa3 Be8
23.Kf1 Bh5 24.Bxh5 Nxh5 25.axb6 Rxb6 26.Rb5 Nf6 27.Qb3 Rab8 28.Bc1 Nd7 29.Qa2 R8b7
30.Ra5 Kf8  1/2-1/2

[Event "COQ Invitational"]
[Site "Montreal CAN"]
[Date "2011.07.28"]
[Round "7"]
[White "Meszaros,Mi"]
[Black "Jiang,L"]
[Result "1-0"]
[WhiteElo "2418"]
[BlackElo "2348"]

1.d4 Nf6 2.c4 e6 3.Nc3 Bb4 4.Nf3 c5 5.g3 b6 6.Bg2 Bb7 7.Qb3 Nc6 8.dxc5 Bxc5
9.O-O O-O 10.Qa4 a5 11.Bf4 Rc8 12.Rfd1 d6 13.a3 Qe7 14.Rab1 Ng4 15.Ne4 Nce5
16.Nxc5 Rxc5 17.Nxe5 dxe5 18.Bd2 Bxg2 19.Kxg2 Qb7+ 20.Kg1 e4 21.h3 Ne5 22.b3 Ng6
23.Be3 Rc6 24.c5 bxc5 25.Qxa5 Qc8 26.Rbc1 e5 27.Rxc5 Rxc5 28.Bxc5 Re8 29.Kg2 h5
30.Be3 Kh7 31.Qc5 Qa6 32.Qc4 Qb7 33.Qd5 Qe7 34.Bc5 Qf6 35.Qxe4 Qa6 36.Rd6 Qb5
37.b4 h4 38.Rb6 Qd7 39.Rb7 Qc8 40.Rxf7 hxg3 41.fxg3 Qa6 42.Bf8 Kh8 43.Bxg7+  1-0

[Event "Czech GM Open A"]
[Site "Pardubice CZE"]
[Date "2011.07.28"]
[Round "7.77"]
[White "Kachar,V"]
[Black "Oganian,M"]
[Result "1/2-1/2"]
[WhiteElo "2328"]
[BlackElo "2204"]

1.d4 Nf6 2.c4 e6 3.Nc3 Bb4 4.Nf3 O-O 5.Bg5 b6 6.e3 Bb7 7.Be2 Bxc3+ 8.bxc3 d6
9.O-O Nbd7 10.Nd2 e5 11.Bd3 Re8 12.Qc2 h6 13.Bh4 Qc8 14.Bf5 Qb8 15.Rfe1 c5
16.dxe5 dxe5 17.Ne4 Bxe4 18.Bxe4 Nxe4 19.Qxe4 Qd6 20.Rad1 Qe6 21.Qb7 Nf8
22.Qa6 Ng6 23.Bg3 h5 24.f3 h4 25.Bf2 e4 26.f4 Rad8 27.Rd5 Rxd5 28.cxd5 Qxd5
29.Qxa7 h3 30.gxh3 Qe6 31.Rd1 Qxh3 32.Qd7 Re6 33.Rd5 Nxf4 34.Qd8+ Kh7 35.exf4 e3
36.Qh4+ Rh6 37.Qxh3 exf2+ 38.Kxf2 Rxh3 39.a4 Rxh2+ 40.Ke3 Rc2 41.Kd3 Ra2
42.Rd7 f5 43.Ra7 b5 44.a5 Ra3 45.Kd2 Ra4 46.Rc7 Rxf4 47.Rxc5 Kg6 48.Rxb5 Ra4
49.Kd3 Kf6 50.c4 f4 51.c5 Ra3+ 52.Ke2 f3+ 53.Kf2 g5 54.c6 g4 55.Kg3 Ra2 56.Kxg4 f2
57.Rf5+ Ke6 58.c7 Kd7 59.Kg3  1/2-1/2

[Event "19th St Affrique Open"]
[Site "Saint Affrique FRA"]
[Date "2011.07.28"]
[Round "7.12"]
[White "Delorme,L"]
[Black "Pruvot,L"]
[Result "1-0"]
[WhiteElo "2215"]
[BlackElo "1997"]

1.d4 Nf6 2.c4 e6 3.Nc3 Bb4 4.Nf3 b6 5.g3 Bxc3+ 6.bxc3 Bb7 7.Bg2 d6 8.O-O O-O
9.d5 e5 10.Nh4 a5 11.Nf5 Bc8 12.e4 Na6 13.f4 Nc5 14.fxe5 dxe5 15.Bg5 Ncd7
16.Qf3 Ba6 17.Bh3 Bxc4 18.Nxg7 Bxf1 19.Rxf1 Kxg7 20.Bxd7 Qxd7 21.Bxf6+ Kg8
22.Qh5 h6 23.Qxh6  1-0

[Event "XXXVII Open"]
[Site "Sitges ESP"]
[Date "2011.07.29"]
[Round "8"]
[White "Barsov,A"]
[Black "Beltran Rueda,S"]
[Result "1-0"]
[WhiteElo "2534"]
[BlackElo "2376"]

1.d4 Nf6 2.c4 e6 3.Nc3 Bb4 4.Nf3 b6 5.e3 Bb7 6.Bd3 Ne4 7.Qc2 Bxc3+ 8.bxc3 f5
9.Ba3 Qf6 10.O-O Nc6 11.c5 bxc5 12.Rfb1 Rb8 13.Ne1 cxd4 14.cxd4 Kf7 15.Bb5 Nd6
16.Ba4 Rhc8 17.Nd3 Ke8 18.Nc5 Ba8 19.Rxb8 Rxb8 20.Na6 Rc8 21.Rd1 Qg6 22.f3 Nf7
23.Qc5 Nd6 24.Nxc7+ Rxc7 25.Qxd6 Kd8 26.Bxc6 Bxc6 27.Qf8+  1-0

[Event "15th HZ Open"]
[Site "Vlissingen NED"]
[Date "2011.07.30"]
[Round "1.3"]
[White "Landa,K"]
[Black "Niewenhuis,R"]
[Result "1-0"]
[WhiteElo "2628"]
[BlackElo "1923"]

1.d4 Nf6 2.c4 e6 3.Nc3 Bb4 4.Nf3 c5 5.g3 O-O 6.Bg2 Ne4 7.Bd2 Bxc3 8.bxc3 f5
9.O-O Nc6 10.Qc2 Nxd2 11.Qxd2 cxd4 12.cxd4 d5 13.Rac1 Qd6 14.cxd5 exd5 15.Qf4 Qxf4
16.gxf4 Rd8 17.Rc5 Ne7 18.Rc7 Kf8 19.Ne5 Rd6 20.Rfc1 b6 21.e3 Ba6 22.Bf3 Bb5
23.h4 Rh6 24.h5 Be8 25.Rb7 Rd6 26.Rcc7 Re6 27.Nd7+ Kf7 28.Nxb6 Rxb6 29.Rxb6  1-0